• 首页
  • 本馆介绍
  • 公告通知
  • 最新文献
  • 馆藏检索
  • 电子资源
  • 读者导购
  • 参考咨询
  • 我的图书馆
  • 登录
  • 详细信息显示
  • 放入我的书架
  • 预约/预借图书
  • 作者相关作品
  • 分类相关作品
  • 丛书相关作品
  • 出版社相关作品

书目信息

  • 表格格式
  • 工作单格式
  • 卡片格式
题名:
民族政策常识教学参考书
    
 
作者: ;教育部民族教育司、国家民委教育司 编
分册:  
出版信息: 北京   红旗出版社  1999
页数: 545页
开本: 20cm
丛书名:
单 册:
中图分类: D633.0
科图分类:
主题词: 政治--中国
电子资源:
ISBN: 7-5051-0424-1
000 00704nam0 2200193 450
001 0659588202
005 20061011164411.20
010    @a7-5051-0424-1@dCNY19.80
100    @a20061011d1999 km y0chiy0120 ea
101 0  @achi
102    @aCN@b110000
200 1  @a民族政策常识教学参考书@Amin zu zheng ce chang shi jiao xue can kao shu@f教育部民族教育司、国家民委教育司编@Fjiao yu bu min zu jiao yu si、guo jia min wei jiao yu si bian
210    @a北京@c红旗出版社@d1999
215    @a545页@d20cm
606 0  @a政治@x中国
690    @aD633.0@v3
711  0 @a教育部民族教育司、国家民委教育司@Ajiao yu bu min zu jiao yu si、guo jia min wei jiao yu si@4编
801  0 @aCN@bPFT@c20061011
905    @a10447@dD633.0@e48
    
    民族政策常识教学参考书/教育部民族教育司、国家民委教育司编.-北京:红旗出版社,1999
    545页;20cm
    
    
    ISBN 7-5051-0424-1:CNY19.80
    
●
相关链接 在E读中查询图书 在五车中查询图书 在当当中查询图书 在豆瓣中查询图书


正题名:民族政策常识教学参考书     索取号:D633.0/48         预约/预借

序号 登录号 条形码 馆藏地/架位号 状态 备注
1 0494655   204946559   密集书库/ [索取号:D633.0/48] 在馆    
唐山师范学院图书馆 欢迎您!
大连网信软件有限公司© 版权所有